000 00619nam a2200229Ia 4500
003 OSt
005 20220924140302.0
006 a|||||r|||| 00| 0
007 ta
008 220923b |||||||| |||| 00| 0 ben d
024 _a294408
037 _cTextual
040 _aARTS
_cARTS
_bben
041 _2ben
_aben
082 _aO157,3:g(Y:351), N1
100 _aChakraborty Baridbaran
_9211189
245 0 _aBangla kathasahitye biharer lokjiban
260 _c1991
650 _aBENGALI LITERATURE
942 _hO157,3:g(Y:351), N1
_cTEXL
_2CC
999 _c443617
_d443617